| 000 | 01166cam a2200301 a 4500 | ||
|---|---|---|---|
| 001 | 14590634 | ||
| 005 | 20170105102842.0 | ||
| 008 | 061011s2006 cauab b 001 0 eng | ||
| 010 | _a 2006936431 | ||
| 020 | _a9780495095927 | ||
| 020 | _a0495095923 | ||
| 040 |
_aDLC _cDLC _dDLC |
||
| 050 | 0 | 0 |
_aD421 _b.D86 2007 |
| 082 | _a909.82 | ||
| 100 | 1 |
_aDuiker, William J., _d1932- |
|
| 245 | 1 | 0 |
_aTwentieth-century world history / _cWilliam J. Duiker. |
| 250 | _a4th ed. | ||
| 260 |
_aBelmont, CA, USA : _bThomson Wadsworth, _cc2007. |
||
| 300 |
_axiii, 346 p. : _bill. (some col.), col. maps ; _c26 cm. |
||
| 504 | _aIncludes bibliographical references and index. | ||
| 650 | 0 |
_aHistory, Modern _y20th century. |
|
| 856 | 4 | 2 |
_3Contributor biographical information _uhttp://www.loc.gov/catdir/enhancements/fy1104/2006936431-b.html |
| 856 | 4 | 2 |
_3Publisher description _uhttp://www.loc.gov/catdir/enhancements/fy1104/2006936431-d.html |
| 856 | 4 | 1 |
_3Table of contents only _uhttp://www.loc.gov/catdir/enhancements/fy1104/2006936431-t.html |
| 906 |
_a7 _bcbc _corignew _d3 _eepcn _f20 _gy-gencatlg |
||
| 942 |
_2ddc _cBK |
||
| 999 |
_c13928 _d13928 |
||